| 000 | 00394 a2200133 4500 | ||
|---|---|---|---|
| 001 | 91551 | ||
| 082 | _aPR 1509 | ||
| 090 |
_c43693 _d43692 |
||
| 100 | _aHaroon Mazhar; Prof Nauman Sidiqui and Sikander Hayat Mirza, Advisors | ||
| 245 |
_aAdaptive Noise Cancellation Using TMS320C5X Startex Kit _n56 "B" EC |
||
| 260 |
_aRawalpindi _bNUST _c2002 |
||
| 300 | _a84p | ||
| 500 | _aBE Porject Reports | ||
| 942 |
_aCAE NUST _kPR 1509 |
||
| 999 |
_c326624 _d326624 |
||